| 000 | 00733nam a2200193Ia 4500 | ||
|---|---|---|---|
| 008 | 0000002002 hb a 0000000000eng00 | ||
| 090 | _aPSP00 M87j | ||
| 100 | 1 | _aMusa, Yasser | |
| 245 | 1 | 0 |
_aJoan Duran _c/ Yasser Mussa |
| 300 |
_a[6] p. _c/ 20 cm. |
||
| 500 | _aExposición realizada en Image Factory Art Foundation, Belize, Diciembre 7, 2001 Enero 4, 2002 \ Con el patronazgo del maestro venezolano Jesús Rafael Soto (q.e.p.d.) | ||
| 600 | 0 | 0 |
_a DURAN, JOAN, 1947 / _xTRABAJOS PICTORICOS |
| 650 | 1 | 4 | _a PINTURA ESPAÑOLA |
| 650 | 1 | 4 | _aARTE CONTEMPORANEO ESPAÑOL |
| 650 | 1 | 4 | _xCATALOGOS |
| 650 | 1 | 4 | _xEXPOSICIONES |
| 650 | 1 | 4 | _aPINTORES ESPAÑOLES |
| 999 |
_c737 _d737 |
||
| 260 |
_aBélice : Image Factory Art Foundation _c2002 |
||